| 000 | 00452nam a22001697a 4500 | ||
|---|---|---|---|
| 003 | OSt | ||
| 005 | 20220421055137.0 | ||
| 008 | 170323b xxu||||| |||| 00| 0 eng d | ||
| 040 |
_aMMU _beng _cMMU _dMMU |
||
| 100 | _aRoberts Penfield | ||
| 245 |
_aThe quest for security/ _cRoberts Penfield |
||
| 260 |
_aNew York; _bHarper & Row, _c1963. |
||
| 300 | _aviii,300p.; | ||
| 500 | _aincludes index | ||
| 650 | _aQuest for security | ||
| 942 |
_2lcc _cLOAN LOAN |
||
| 999 |
_c25838 _d25838 |
||